| 000 | 00526nam a2200205Ia 4500 | ||
|---|---|---|---|
| 003 | OSt | ||
| 005 | 20140311163113.0 | ||
| 008 | 140130s9999 xx 000 0 und d | ||
| 020 | _a0590202332 | ||
| 050 |
_aPZ 7 _b.L36998Ci 1998 |
||
| 100 |
_aLattimore, Deborah Nourse _922317 |
||
| 245 |
_aCinderhazel / _cDeborah Nourse Lattimore. |
||
| 260 |
_bScholastic, _c1998. _aNew York : |
||
| 300 |
_a20 p. : _bcol. ill. ; _c26 cm. |
||
| 440 |
_v1 _931174 |
||
| 521 | _aG3 | ||
| 526 | _c550 | ||
| 942 |
_cBK _2lcc |
||
| 999 |
_c40627 _d40627 |
||